Statistics for All Normal Type Pokémon

Click here to take the quiz!

General Stats

  • This quiz has been taken 1,065 times
    (163 since last reset)
  • The average score is 107 of 140

Answer Stats

TypeAnswer% Correct
Normal/FlyingPidgeotto
98%
Normal/FlyingPidgeot

Mega Pidgeot
97%
Normal/FlyingPidgey
97%
Normal/FairyWigglytuff
94%
Normal/FairyIgglybuff
93%
Normal/FairyJigglypuff
93%
NormalRattata
93%
Normal/FlyingFearow
92%
Normal/FlyingSpearow
92%
Dark/NormalAlolan Raticate
91%
Dark/NormalAlolan Rattata
91%
NormalRaticate
91%
NormalChansey
89%
Dark/NormalGalarian Linoone
89%
NormalLinoone
89%
Normal/FlyingStaraptor
89%
Normal/FlyingStaravia
89%
Normal/FlyingStarly
89%
Normal/FlyingSwellow
89%
Normal/FlyingTaillow
89%
NormalBlissey
88%
NormalEevee

Gigantamax Eevee
88%
Normal/FlyingFarfetch'd
88%
Dark/NormalGalarian Zigzagoon
88%
Normal/FlyingHoothoot
88%
Normal/FlyingNoctowl
88%
Normal/FlyingUnfezant
88%
NormalZigzagoon
88%
Normal/GroundDiggersby
87%
Normal/FlyingPidove
87%
NormalSnorlax

Gigantamax Snorlax
87%
NormalHappiny
85%
NormalBunnelby
84%
Normal/FlyingDodrio
84%
Normal/FlyingDoduo
84%
NormalPorygon
84%
Fire/NormalPyroar
84%
Normal/DragonDrampa
83%
NormalKangaskhan

Mega Kangaskhan
83%
Fire/NormalLitleo
83%
NormalSlaking
83%
Normal/FlyingTranquill
83%
NormalArceus
82%
Dark/NormalObstagoon
82%
NormalPorygon2
82%
NormalPorygon-Z
82%
NormalSlakoth
82%
NormalFurret
81%
NormalMeowth

Gigantamax Meowth
81%
NormalSentret
81%
NormalTauros
81%
NormalVigoroth
81%
Normal/WaterBibarel
80%
NormalBidoof
80%
NormalDitto
80%
Normal/PsychicGirafarig
80%
Electric/NormalHeliolisk
80%
Electric/NormalHelioptile
80%
Normal/GhostHisuian Zoroark
80%
Normal/GhostHisuian Zorua
80%
NormalPersian
80%
Normal/FlyingToucannon
80%
NormalExploud
79%
NormalLopunny
79%
NormalMunchlax
79%
NormalBuneary
78%
NormalLoudred
78%
Normal/FlyingPikipek
78%
NormalTeddiursa
78%
Normal/GrassDeerling (Spring Form)

Deerling (Summer Form)

Deerling (Autumn Form)

Deerling (Winter Form)
76%
Normal/FlyingFletchling
76%
Normal/FightingMega Lopunny
76%
NormalMiltank
76%
Normal/GrassSawsbuck (Spring Form)

Sawsbuck (Summer Form)

Sawsbuck (Autumn Form)

Sawsbuck (Winter Form)
76%
NormalStoutland
76%
NormalUrsaring
76%
NormalWhismur
76%
Normal/PsychicFarigiraf
75%
NormalHerdier
75%
NormalLillipup
75%
Normal/FlyingTrumbeak
75%
Ground/NormalUrsaluna
75%
NormalLickitung
74%
NormalPatrat
74%
NormalRegigigas
74%
NormalWatchog
74%
NormalAudino
73%
Normal/FlyingBraviary
73%
Normal/FairyMega Audino
73%
Normal/FlyingRufflet
73%
NormalSpinda
73%
Normal/FightingBewear
72%
Grass/NormalDolliv
72%
NormalLickilicky
72%
Grass/NormalArboliva
71%
NormalDunsparce
71%
Poison/NormalGrafaiai
71%
NormalGumshoos
71%
Poison/NormalShroodle
71%
Grass/NormalSmoliv
71%
Normal/FightingStufful
71%
Normal/FairyAzurill
70%
Normal/PsychicMeloetta (Aria Forme)
70%
Normal/FightingMeloetta (Pirouette Forme)
70%
NormalSmeargle
70%
NormalStantler
70%
NormalYungoos
70%
NormalDudunsparce
69%
NormalKecleon
69%
Normal/FlyingSwablu
69%
NormalWooloo
69%
NormalZangoose
69%
NormalBouffalant
67%
NormalCastform
67%
NormalGreedent
67%
NormalSkwovet
67%
Dragon/NormalCyclizar
66%
NormalLechonk
66%
NormalSkitty
66%
Normal/FlyingChatot
65%
NormalDelcatty
65%
NormalDubwool
65%
NormalFurfrou
65%
NormalType: Null
65%
Normal/PsychicWyrdeer
65%
NormalCinccino
64%
NormalGlameow
64%
Psychic/NormalIndeedee
64%
NormalMinccino
64%
NormalPurugly
64%
NormalSilvally
64%
NormalOinkologne
62%
NormalTandemaus
61%
NormalMaushold
60%
Normal/PsychicOranguru
58%
NormalAipom
57%
Normal/FlyingSquawkabilly
57%
NormalAmbipom
56%
NormalKomala
49%
NormalTerapagos (Normal Form)

Terapagos (Terastal Form)

Terapagos (Stellar Form)
48%

Score Distribution

Percentile by Number Answered

Percent of People with Each Score

Your Score History

You have not taken this quiz since the last reset